[Event "(GER-ch) International04"]
[Site "Bad Lauterberg"]
[Date "1977.03.09"]
[Round "4"]
[White "Karpov, Anatoly"]
[Black "Wockenfuss, Klaus"]
[Result "1-0"]
[WhiteElo "2690"]
[BlackElo "2350"]
[PlyCount "59"]
[EventDate "1977.03.06"]
[EventType "tourn"]
[EventRounds "15"]
[EventCountry "GER"]
[EventCategory "12"]
[SourceTitle "EXT 2002"]
[Source "ChessBase"]
[SourceDate "2001.11.25"]
[SourceVersion "1"]
[SourceVersionDate "2001.11.25"]
[SourceQuality "1"]

1. c4 Nf6 2. Nf3 e6 3. d4 d5 4. Nc3 Bb4 5. Bg5 h6 6. Bxf6 Qxf6 7. e3 O-O 8. Be2 dxc4 ({RR} 8... c5 9. cxd5 exd5 10. O-O Be6 11. Rc1 c4 12. Ne5 Bxc3 13. bxc3 Nd7 14. Nxd7 Bxd7 15. e4 dxe4 16. Bxc4 Rac8 17. Bb3 b5 18. Re1 Qg6 19. Re3 Kh8 20. f3 exf3 21. Qxf3 a5 22. Rf1 f6 23. Bd5 {Zhi,J (1705)-Huang,Z (1827) Xinghua CHN 2026 0-1 (51)}) 9. O-O b6 ({RR} 9... c5 10. Ne4 Qe7 11. dxc5 Bxc5 12. Bxc4 Rd8 13. Qe2 Bb6 14. Ne5 Nd7 15. Nxd7 Bxd7 16. a3 Bc6 17. Ng3 Rd6 18. Rad1 Rad8 19. Bb3 g6 20. h3 h5 21. Bc2 Kg7 22. Ne4 Rxd1 23. Rxd1 Rxd1+ 24. Qxd1 {Mamedyarov,S (2765)-Ding,L (2799) Chess.com INT 2021 ½-½ (49)}) 10. Rc1 $146 ({RR} 10. Ne4 Qg6 11. Ne5 Qh7 12. Bf3 c6 13. Qa4 a5 14. Nxc6 Bd7 15. Ng3 Rc8 16. a3 Bf8 17. Qxc4 Nxc6 18. Qb3 Rab8 19. Rac1 Ne7 20. Rxc8 Bxc8 21. Rc1 Kh8 22. h4 Ba6 23. Be4 f5 24. Bc6 Bc8 {Nakagori,K-Shakenov,E Artek 1999 0-1 (47)}) ({RR} 10. Ne4 Qe7 11. Bxc4 Bb7 12. Qc2 Nd7 13. Rac1 Rac8 14. Rfd1 Rfd8 15. Bb5 c6 16. Bd3 Bd6 17. Qa4 a5 18. a3 c5 19. Nxd6 Qxd6 20. Bb5 Qe7 21. Bxd7 Qxd7 22. Qxd7 Rxd7 23. Ne5 Rdc7 24. f3 f6 {Mamedyarov,S (2817)-Cheparinov,I (2709) St Petersburg 2018 1-0 (50)}) 10... Bb7 11. Nb5 a6 12. Rxc4 axb5 13. Rxb4 Rxa2 14. Rxb5 Bc6 15. Rb4 Nd7 16. Rc4 Bxf3 17. Bxf3 c5 18. Qb3 Ra5 19. Rd1 e5 20. dxc5 Nxc5 21. Qc2 Ne6 22. b4 Ra7 23. Rc6 Rd8 24. h3 Rxd1+ 25. Qxd1 b5 26. Qd5 Qh4 27. Rc8+ Kh7 28. Qxe5 Ng5 29. Bg4 Re7 30. Bf5+ 1-0

[Event "Bundesliga 1314"]
[Site "Germany"]
[Date "2014.03.16"]
[Round "12.1"]
[White "Karpov, Anatoly"]
[Black "Kravtsiv, Martyn"]
[Result "1/2-1/2"]
[WhiteElo "2619"]
[BlackElo "2609"]
[PlyCount "132"]
[EventDate "2013.10.12"]
[EventType "team-tourn"]
[EventRounds "15"]
[EventCountry "GER"]
[SourceTitle "CBM 160"]
[Source "ChessBase"]
[SourceDate "2014.05.15"]
[SourceVersion "1"]
[SourceVersionDate "2014.05.15"]
[SourceQuality "1"]
[WhiteTeam "Hockenheim"]
[BlackTeam "Hamburger SK"]
[WhiteTeamCountry "GER"]
[BlackTeamCountry "GER"]

1. d4 Nf6 2. c4 e6 3. Nf3 d5 4. Nc3 Bb4 5. cxd5 exd5 6. Qa4+ Nc6 7. Bg5 h6 8. Bxf6 Qxf6 9. e3 O-O 10. Be2 Be6 11. a3 Bd6 12. Nb5 Bg4 13. O-O ({RR} 13. Rc1 Ne7 14. Nxd6 Qxd6 15. Qb4 Qxb4+ 16. axb4 c6 17. b5 Rfc8 18. Kd2 cxb5 19. Bxb5 f6 20. Rxc8+ {½-½ (20) Bacrot,E (2700)-Ponomariov,R (2739) Khanty-Mansiysk 2009}) 13... Ne7 14. Nxd6 Qxd6 15. b4 ({RR} 15. Qb4 Qxb4 16. axb4 a6 17. b5 axb5 18. Bxb5 Bxf3 19. gxf3 Rfd8 20. Rfc1 c6 21. Bd3 g6 22. Kf1 Kg7 23. Ke2 g5 24. b4 Kf6 25. b5 Ke6 26. bxc6 bxc6 27. Kf1 Rdb8 28. Rxa8 Rxa8 29. Rc3 Ra1+ {Clery,N (2373)-Kravtsiv,M (2597) Cappelle la Grande 2013 ½-½ (39)}) 15... f5 $146 ({RR} 15... a6 16. Qc2 c6 17. Qc5 Qf6 18. a4 Nf5 19. h3 Bxf3 20. Bxf3 Rae8 21. Rfd1 Nh4 22. Be2 Qg5 23. g3 f5 24. Qc1 Ng6 25. Kf1 Re6 26. Ra3 Qf6 27. Bf3 Ne7 28. b5 cxb5 29. axb5 Rc8 30. Rc3 {Gunina,V (2479)-Kosintseva,T (2581) Moscow 2010 ½-½ (68)}) ({RR} 15... c6 16. b5 cxb5 17. Qxb5 a6 18. Qb4 Qxb4 19. axb4 Rfc8 20. h3 Bf5 21. Rfc1 Rxc1+ 22. Rxc1 Rc8 23. Rc5 f6 24. Kf1 Kf7 25. Ke1 b6 26. Rxc8 Bxc8 27. Bd3 Nc6 28. b5 Nb4 29. Be2 a5 30. Kd2 {El Gindy,E (2507)-Aleksandrov,A (2668) Tripoli 2004 ½-½ (66)}) 16. Qb3 Kh8 17. g3 Ng6 18. Bd1 Bh3 19. Re1 Rae8 20. Qc3 c6 21. Kh1 Bg4 22. Ng1 Ne7 23. Kg2 Nc8 24. Nf3 Bxf3+ 25. Bxf3 Qd7 26. a4 Nd6 27. b5 cxb5 28. axb5 Nxb5 29. Qc5 a6 30. Qxd5 Qxd5 31. Bxd5 Re7 32. h4 g6 33. Rec1 Kg7 34. Rc5 Rd8 35. Bf3 Nd6 36. Rd5 Rdd7 37. Rb1 Nb5 38. Rc5 Rc7 39. Rbc1 Rxc5 40. Rxc5 Kf6 41. h5 g5 42. g4 f4 43. exf4 gxf4 44. Rf5+ Kg7 45. Rxf4 Nd6 46. Bd5 b5 47. Bb3 a5 48. g5 Ne4 49. gxh6+ Kxh6 50. Bc2 Nc3 51. Rf6+ Kxh5 52. Rc6 b4 53. Rc5+ Kh6 54. Rxa5 Rd7 55. Kf3 Rxd4 56. Ke3 Rd5 57. Ra7 Kg5 58. f4+ Kf6 59. Bb3 Nd1+ 60. Ke4 Nc3+ 61. Kf3 Rd3+ 62. Kg4 Nd5 63. Bxd5 Rxd5 64. Rb7 b3 65. Rxb3 Ra5 66. Rb6+ Kf7 1/2-1/2

[Event "FIDE-Wch"]
[Site "NED/INA"]
[Date "1993.??.??"]
[Round "14"]
[White "Karpov, Anatoly"]
[Black "Timman, Jan H"]
[Result "1-0"]
[WhiteElo "2760"]
[BlackElo "2620"]
[Annotator "Ftacnik,Lubomir"]
[PlyCount "105"]
[EventDate "1993.09.??"]
[EventType "match"]
[EventRounds "21"]
[EventCountry "NED"]
[SourceTitle "CBM 036"]
[Source "ChessBase"]
[SourceDate "1993.10.01"]
[SourceVersion "1"]
[SourceVersionDate "1993.10.01"]
[SourceQuality "1"]

1. d4 {Ribli,Zoltan Ribli,Zoltan Lupulescu,Constantin} Nf6 2. c4 e6 3. Nf3 d5 4. Nc3 dxc4 5. e4 Bb4 6. Bg5 c5 7. Bxc4 cxd4 8. Nxd4 Bxc3+ 9. bxc3 Qa5 10. Nb5 ({RR} 10. Bd2 O-O 11. Qe2 e5 12. Nb3 Qc7) ({RR} 10. Bb5+) 10... Nxe4 (10... Bd7 11. Nd6+ Ke7 12. Qd2 Bc6 13. f4 Nbd7 14. Rd1 $1 Rhd8 15. Qd4 $1 h6 16. Bh4 Qh5 17. Bf2 Kf8 18. e5 Nd5 $6 19. O-O Qg4 $2 20. h3 $1 Qh5 21. f5 $1 Kg8 22. Rd3 $1 N7b6 23. Bxd5 Bxd5 24. Rg3 $16 {Karpov,An-Timman,J (06)/FIDE-Wch (Arnheim)/1993/1-0 (33)}) (10... a6 11. Nd6+ Ke7 12. Qd2 (12. Bf4 Nc6 13. Qb3 Nd4 14. Nxc8+ Kf8 15. Qb2 Rxc8 16. O-O Nf3+ 17. gxf3 Rxc4 18. Qxb7 g5 19. Bd6+ Kg7 20. Bb4 Qa4 21. Rfd1 Rhc8 22. Rd2 Rxc3 23. Bxc3 Rxc3 24. Kg2 {Podgaets,M-Maljutin,E/Alushta op/1993/1-0 (43)}) 12... Nc6 13. Rd1 $5 Rd8 14. O-O Qc5 $1 (14... h6 {Vyzmanavin,A-Ribli,Z/Calcutta (07)/1992/0.5 (14)}) 15. e5 $8 Qxe5 16. Bf4 Qc5 17. Qb2 b5 $1 18. Be3 Qe5 19. Qa3 Ng4 $3 20. Bg5+ $1 $8 Qxg5 21. Nxc8+ Kf6 22. Rxd8 Nxd8 23. Nb6 $1 bxc4 $2 24. Nxa8 {Kuzmin,A-Akopian,V/USSR (ch)/1991/0.5 (52)}) (10... O-O $2 11. Bxf6 gxf6 12. Qg4+ Kh8 13. Qh4 Nd7 14. Rd1 a6 15. Rd3 $1 $16 {Razuvaev,Y-Drasko,M/Protvino/1988/}) ({RR} 10... Bd7 11. Nd6+ Ke7 12. Qd2 Bc6 13. f4 Nbd7 14. Rd1 Rhd8 15. Qd4 h6 16. Bh4 Qh5 17. Bf2 Kf8 18. e5) ({RR} 10... O-O 11. Bxf6 gxf6 12. Qg4+ Kh8 13. Rd1 Nd7 14. Qh4 Qd8 15. Nd6 Qe7 16. f4 Rg8 17. O-O Nb6 18. Rf3 Nxc4 19. Rh3 Rg7 20. e5 Nxd6 21. exf6) ({RR} 10... a6) 11. Bf4 (11. Qd4 O-O $1 12. Qxe4 a6 13. Be7 ({RR} 13. Bd3 f5 14. Qe2 axb5) 13... axb5 14. Bb4 Qc7 15. Bxb5 Bd7 16. Bd3 g6 17. O-O Re8 18. Qe3 Nc6 19. Bc5 Ne7 20. Be4 Nf5 21. Bxf5 exf5 22. Qd4 Re4 23. Qd6 Qxd6 24. Bxd6 {Karpov,An-Timman,J (08)/FIDE-Wch (Amsterdam)/1993/0.5 (28)}) ({RR} 11. Qd4 O-O 12. Qxe4 a6 13. O-O axb5 14. Bd3 f5 15. Qe2 Nc6 ({RR} 15... Bd7) 16. Bd2 Qc7 ({RR} 16... e5 17. Bxb5 Be6 18. a4 Qc7) 17. Bxb5 f4 ({RR} 17... e5 18. f3 Be6 19. Rfe1 ({RR} 19. a4 Na5) 19... e4) 18. f3 e5 19. Rfe1 Bd7 20. a4 ({RR} 20. Bxc6 Bxc6 21. Qxe5 Qf7 ({RR} 21... Qxe5 22. Rxe5 Rad8) 22. Qe6 Rad8 23. Qxf7+ Rxf7 24. Re2 g5) 20... Kh8 21. Rad1 ({RR} 21. Bxc6 Bxc6 22. Qxe5 Qxe5 23. Rxe5 Rxa4 24. Rxa4 Bxa4 25. Re4 ({RR} 25. h4 Bc6 26. Rc5 h6) 25... Bc6 26. Rxf4 Rxf4 27. Bxf4 Kg8) 21... Rae8 ({RR} 21... h6 22. Bc1 Bf5 23. Ba3 Rf6) 22. Bc1 e4 23. fxe4 Ne5 24. Bxd7 Nxd7 25. Rf1 Nc5 {Carlsen,M (2875)-Anand,V (2767) Stavanger 2019 CBM 191 [Lupulescu,Constantin] ½-½ (58)}) ({RR} 11. Qd4 O-O 12. Qxe4 a6 13. O-O axb5 14. Bd3 f5 15. Qe2 Bd7 16. Bd2 Qc7 17. Rfb1 Rf6 18. Bxb5 Bc6 19. Qc4 Qd7 20. Bf4 Bxb5 21. Rxb5 Nc6 22. Rab1 Qe8 23. h3 h6 24. Qe2 Ra4 25. Bc1 Re4 {Martirosyan,H (2636)-Amar,E (2576) Lecci FRA 2026 ½-½ (58)}) ({RR} 11. Qd4 O-O 12. Qxe4 a6 13. Be7 axb5 14. Bb4 Qc7 15. Bxb5 Bd7 16. Bd3 g6 17. O-O Re8 18. Qe3 Nc6 19. Bc5 Ne7 20. Be4 Nf5 21. Bxf5 exf5 22. Qd4 Re4) ({RR} 11. Qd4 O-O 12. Qxe4 a6 13. Be7 axb5 14. Bb4 Qc7 15. Bxb5 Bd7 16. Bd3 g6 17. O-O Re8) 11... O-O 12. O-O (12. Qf3 a6 13. Nc7 e5 14. Nxa8 exf4 15. Rc1 Qe5 16. Qe2 f3 17. gxf3 Qg5 18. Qe3 Qg2 19. Ke2 Bg4 20. Rhg1 Bxf3+ 21. Qxf3 Nxc3+ 22. Rxc3 Qxg1 23. Re3 Nd7 24. Nb6 $14 {Seres,L-Koczka,Zs/Gyor junior/1991/1-0 (31)}) 12... Nd7 $1 (12... Nc6 13. Bc7 $1 ({RR} 13. Bc7 b6 14. Qf3 ({RR} 14. a4) 14... f5 15. Rfe1 a6) 13... b6 14. Qf3 $36) ({RR} 12... Bd7 13. a4 ({RR} 13. Bc7 b6 14. a4 a6 15. Ra2 axb5 16. axb5 Qxc3 17. Rxa8 Qxc4 18. Bd6 ({RR} 18. Bxb8 Bxb5 19. Re1 Bc6) 18... Nxd6 19. Qxd6 Qd5) ({RR} 13. Nc7 e5 14. Nxa8 exf4 15. Qd5 Nc5) ({RR} 13. Nc7 e5 14. Nxa8 exf4 15. Qd5 Nc5) 13... Bc6 ({RR} 13... Bxb5 14. axb5 Qxc3 15. Qe2) 14. Bc7 ({RR} 14. Qg4 Nf6 15. Qe2 a6 16. Nc7 Ra7 17. Qe3 b6 18. Nxe6 Nd5 19. Qg3 fxe6 20. Bxb8) ({RR} 14. f3 Bxb5 15. axb5 Qb6+ 16. Qd4 Qxd4+ 17. cxd4 Nf6) ({RR} 14. Qd4 Na6) ({RR} 14. Be5 Nd7 15. Bc7 b6) 14... b6 15. Bd6 Nxd6 16. Qxd6 a6 17. Nc7 Qg5 ({RR} 17... Ra7 18. Nxe6 fxe6 19. Bxe6+ Raf7 20. Rab1) 18. Qg3 ({RR} 18. g3 Qf6 19. f3 Ra7) 18... Qxg3 19. fxg3 Ra7 20. Nxe6 Rc8 ({RR} 20... fxe6 21. Bxe6+ Raf7 ({RR} 21... Rff7 22. Rad1) 22. Rad1 ({RR} 22. Rxf7 Rxf7 23. Rf1 Be8 24. Bxf7+ Bxf7 25. Rd1 Nc6 26. Rb1 b5 27. axb5 Bg6 28. Rb3 axb5 29. Rxb5) 22... Nd7 23. a5 bxa5 24. Rd6 Ba4 ({RR} 24... Bb5 25. c4 Ba4 26. Rxa6) 25. Rxa6) 21. Ng5 Be8 22. Rae1 h6 23. Rxe8+ Rxe8 24. Rxf7 ({RR} 24. Bxf7+ Rxf7 25. Nxf7 Re3 ({RR} 25... Re6 26. Nd8 Rd6 27. Nf7 Re6 ({RR} 27... Rc6 28. Ne5 Rxc3 29. Rb1)) 26. c4 Nd7 27. Nd6 Nc5) 24... Rxf7 25. Bxf7+ Kf8 26. Bxe8 Kxe8 27. Ne6 {Karpov,A (2693)-Aronian,L (2649) Hoogeveen 2003 CBM 098 [Ribli,Zoltan] ½-½ (41)} ({RR} 27. Nf3 Nd7) ({RR} 27. Ne4 Nd7 28. Kf2 Ke7 29. Ke3 Ke6)) ({RR} 12... Nc6 13. Qf3 e5 14. Qxe4 exf4 15. Rfe1 Be6 16. Bxe6 Qxb5 17. Bd5) ({RR} 12... Bd7 13. a4 Bc6 14. Qg4 Nf6 15. Qe2 a6 16. Nc7 Ra7 17. Qe3 b6 18. Nxe6 Nd5 19. Qg3 fxe6 20. Bxb8 Raf7 21. Bd6) 13. Nc7 $146 ({RR} 13. Re1 e5 ({RR} 13... Nxc3 14. Qd2 Nb6 15. Bd3 Nbd5 16. Be5) 14. Rxe4 exf4 15. Re7 a6 16. Rxf7 axb5 17. Rxf8+ Kxf8 18. Qd6+ Ke8 19. Re1+ Kd8 20. Bf7 {1-0 (20) Kardashevskiy,E (2417)-Antonenko,V (2387) Sochi 2019}) ({RR} 13. Re1 Ndf6 14. a4 ({RR} 14. Bc7 b6 15. Qd4 Ba6 16. a4 Bxb5 17. Bxb5 Qxc3 18. Qxc3 Nxc3 19. Ba6 Ncd5) ({RR} 14. Be5 a6 15. Rxe4 Nxe4 16. Qg4 f6 ({RR} 16... g6 17. Qxe4 axb5 18. Qf4 f6) 17. Bc7 f5) ({RR} 14. Qd4) 14... b6 ({RR} 14... a6 15. Nc7 Qc5 ({RR} 15... Rb8 16. Nxa6 Ra8 17. Nc7) ({RR} 15... e5 16. Nxa8 exf4 ({RR} 16... Bg4 17. f3 exf4 18. fxg4 ({RR} 18. Qd4 Bxf3 19. gxf3 Ng5 20. Kf2 Rxa8 ({RR} 20... Nxf3 21. Kxf3 Qh5+ 22. Kg2 Qg4+ 23. Kf1 Qh3+ 24. Ke2) 21. Re5) 18... Rd8 19. Bxf7+ Kf8) 17. Qd4 Rd8 ({RR} 17... Qg5 18. Rxe4 Bh3 19. g3 Nxe4 20. Qxe4 Rxa8 21. Bxf7+ ({RR} 21. Qxb7)) ({RR} 17... Bh3 18. gxh3 Qg5+ ({RR} 18... Rd8 19. Rxe4)) 18. Qb6) 16. Qd4 {RR} Qxd4 17. cxd4 Ra7 18. a5 ({RR} 18. d5 exd5 19. Bxd5 Nc5 20. a5 ({RR} 20. Bd6 b6 21. a5 Rxc7)) 18... Bd7 19. d5 ({RR} 19. Rac1 Bc6 20. f3) 19... exd5 20. Bxd5 Nxd5 21. Nxd5 Nf6 22. Nb6 Be6 23. Rad1) ({RR} 14... e5 15. Bxe5 a6 16. Bxf6 ({RR} 16. Bc7 b6 17. Nd6 Nxf2 ({RR} 17... Qc5 18. Nxe4 Nxe4 19. Rxe4 Qxc7 20. Qe2) ({RR} 17... Nxc3 18. Qd4 Ncd5 19. Re5 Be6 20. Bxd5 Nxd5 21. Nf5) 18. Qd4) 16... Nxf6 17. Nd6 Qc7 18. Qd4 ({RR} 18. Bxf7+ Rxf7 19. Nxf7 Kxf7 ({RR} 19... Qxf7 20. Qd8+ Qf8 21. Qc7) 20. Qb3+) 18... Bg4 19. f3 Rad8 20. Rad1 Bh5 21. g4 Bg6 ({RR} 21... Ne8 22. Nxe8 Rxd4 23. Nxc7 Rxc4 24. Rd7 Bg6 25. Nd5)) 15. f3 ({RR} 15. Nd6 Nxd6 ({RR} 15... Nxc3) 16. Bxd6 Re8 ({RR} 16... Rd8 17. Bb4 Rxd1 18. Raxd1 ({RR} 18. Rexd1 Ba6 19. Bxa5 Bxc4 20. Bb4 a5 ({RR} 20... Nd5 21. a5 b5) 21. Rd4 Rc8 22. Bc5 Nd5 23. Rxc4 bxc5)) 17. Bb5) 15... Nc5 ({RR} 15... Nxc3 16. Qd3 Ncd5 ({RR} 16... Nxb5 17. axb5 Qb4 18. Bd6) 17. Bd2 Qa6 18. Nc7) ({RR} 15... a6 16. fxe4 axb5 17. Bxb5 ({RR} 17. axb5 Qxa1 18. Qxa1 Rxa1 19. Rxa1 Nxe4 ({RR} 19... Bb7 20. e5 Nd5 ({RR} 20... Ne4 21. Ra7 Rb8 ({RR} 21... Bd5 22. Bxd5 ({RR} 22. Bd3 Nxc3 23. Be3) 22... exd5) 22. Be3 Bd5 23. Bxd5 exd5 24. Bd4) 21. Bd2 Rc8)) 17... Ba6 ({RR} 17... Bd7 18. Bd6 ({RR} 18. c4 Bxb5 19. cxb5 Rfd8 20. Qb3 Rd4) 18... Rfc8 19. e5 Bxb5 20. exf6 Bxa4 21. Qg4 g6 22. Qf4 g5 23. Qg4 Qd5 24. Re5 Qxd6 25. Rxg5+ Kh8 26. Ra5 Qf8) 18. Bd6 Bxb5 19. Bxf8 Bxa4 20. Bb4 Bxd1 ({RR} 20... Qb5) 21. Bxa5 bxa5 22. Rexd1 Nxe4 23. Rxa5 Rc8 24. Re5 Nf6 25. Rc5) 16. Be5 a6 ({RR} 16... Bb7 17. Bxf6 gxf6 18. Qd4) ({RR} 16... Ba6 17. Bxf6 gxf6 18. Qd4 Kg7 19. Qg4+ Kh8 20. Qh4 Kg7 21. Re3 Bxb5 22. f4 Ne4 23. Bxb5 f5 24. Rae1 ({RR} 24. Rh3)) 17. Nd6 ({RR} 17. Nc7 Ra7) ({RR} 17. Bxf6 axb5 18. Be7 bxc4 19. Bxf8 Nd3 20. Bb4 Qa7) ({RR} 17. Nd4 Bd7) 17... Ncd7 ({RR} 17... Ne8 {RR} 18. Qd4 Nxd6 19. Bxd6) ({RR} 17... Rd8) 18. Bd4 Qh5 ({RR} 18... Qg5) 19. Rb1) ({RR} 13. Re1 Ndf6 14. a4 b6 15. f3 Nc5 16. Be5 a6 17. Nd6 Ncd7 18. Bd4 Qh5 19. Rb1 Rb8 20. Qd2 h6 21. Qf4 Bb7 ({RR} 21... Qa5 22. Nxf7 Rxf7 23. Bxe6) ({RR} 21... Qg5 22. Qxg5 hxg5 23. Nxc8 Rbxc8 24. Bxa6) ({RR} 21... b5 22. axb5 axb5 23. Bxb5 Ra8 24. c4 Qg5 25. Qxg5 hxg5 26. c5 Ba6 27. c6) ({RR} 21... Nd5 22. Qg3 Qg5 23. Qxg5 hxg5 24. Bxd5 exd5 25. Re7) ({RR} 21... Qg6 22. Rbd1) 22. Nxb7 Rxb7 23. Bxa6 Rbb8 24. Bb5 ({RR} 24. Bd3) 24... Rfc8 ({RR} 24... Qg5) 25. Rbd1 Nf8 ({RR} 25... Qg5 26. Qxg5 hxg5 27. Be3 ({RR} 27. h3)) 26. Bxf6 Ng6 ({RR} 26... gxf6 27. Qxf6 Qc5+ 28. Kh1 Qxc3 29. Qxh6) 27. Qd4 gxf6 {Karpov,A (2710)-Piket,J (2619) Monte Carlo 1999 CBM 070 [Ribli,Zoltan] ½-½ (45)}) 13... e5 (13... Rb8 14. Nxe6 $1) 14. Nxa8 exf4 15. Bd5 (15. Qf3 Nd2 16. Qxf4 Nxf1 17. Rxf1 (17. Bxf1 Qxc3 18. Rc1 Qb2 19. Nc7 Nf6 20. Nb5 Bd7 21. Nd6 b5 $17) 17... Ne5 18. Re1 Nxc4 19. Qxc4 Be6 $5 20. Qc7 $2 (20. Rxe6 fxe6 21. Nc7 Qb6 $17) 20... Qa6 $19) 15... Ndf6 (15... Nef6 $1 16. c4 (16. Bf3 Ne5 (16... Nc5 17. Qd4 $1 { b4}) 17. Qd6 (17. Re1 Qxc3 18. Be2 (18. Rc1 Nxf3+ 19. gxf3 Qa5 20. Nc7 Bh3 21. Kh1 Qxa2 $17 (21... Qxa2 $17))) 17... Nxf3+ 18. gxf3 Bh3 $19 (18... Bh3 $19)) 16... Nc5 17. Qe1 Qxe1 $1 18. Rfxe1 Bd7 19. Nc7 Rc8 20. Nb5 Bxb5 (20... Nxd5 $19) 21. cxb5 Nxd5 22. Rac1 b6 $19) (15... Nxc3 $2 16. Qd2) 16. Bxe4 Nxe4 17. f3 $6 (17. Re1 Bf5 18. Qd4 Rxa8 19. Rxe4 Bxe4 20. Qxe4 Qxc3 21. Rb1 Rc8 22. Qxf4 b6 $17 (22... b6 $17)) 17... Nxc3 $6 (17... Rd8 $1 18. Qe1 (18. Qc2 Qc5+ 19. Kh1 Ng3+ 20. hxg3 Qh5+ 21. Kg1 fxg3 22. Rfc1 (22. Rfd1 Qh2+ 23. Kf1 Qh1+ 24. Ke2 Qxg2+ 25. Ke3 Re8+ 26. Qe4 Rxe4+ 27. fxe4 Qf2+ 28. Kd3 Bg4 $19) 22... Bf5 23. Qb3 Qh2+ 24. Kf1 Qh1+ 25. Ke2 Qxg2+ 26. Ke1 Qf2#) 18... Qc5+ 19. Kh1 Nf6 20. Qf2 Qxf2 21. Rxf2 Bd7 22. Rb2 (22. Nc7 Rc8) 22... Rxa8 23. Rxb7 $17) ({RR} 17... Rd8 18. Qe1 Qc5+ 19. Kh1 Nf6 20. Qf2 Qxf2 21. Rxf2 Bd7) 18. Qd6 $1 Nd5 $6 (18... Be6 19. Nc7 Bxa2 20. Rfe1 (20. Rf2 Rc8 21. Ne6 $5 fxe6 22. Rfxa2 Qd5 23. Rd2 Qxd6 24. Rxd6 e5 25. Rd7 $14) 20... Qb6+ 21. Qxb6 axb6 22. Kf2) (18... Nb5 $5 19. Qe5 (19. Qxf4 Be6 20. a4 Nc3 21. Qc7 Qb4 $17) 19... Bd7 20. a4 (20. Rfd1 Bc6 21. a4 Qc3 $1 (21... Rxa8 $2 22. axb5 Qxb5 23. Qxb5 Bxb5 24. Rxa7 $1) 22. Qxf4 (22. Qe7 $6 Re8 23. Qg5 Qe3+ 24. Kh1 Nd4 $19) 22... Qc5+ 23. Kh1 Rxa8 24. axb5 Bxb5 25. Rac1 Qf8 $17 26. Rd4 Bc6 27. Rcd1 h6 28. Qc7 Kh7 29. Rd8 Rxd8 30. Rxd8 Qc5) 20... Rxa8 21. axb5 Qxb5 $15) (18... Rd8 19. Qc7 (19. Rfe1 $5) 19... Qxc7 20. Nxc7 Bd7 21. a4 $1) ({RR} 18... Nb5) 19. Rfc1 ({RR} 19. Rac1) 19... Be6 (19... Rd8 20. Qe5 (20. Rc5 $5) (20. Qc5 Qxc5+ (20... Qd2 21. Qxc8 $5 Ne3 22. Qh3 Rxa8 23. Rc8+ $18) 21. Rxc5 b6 22. Rcc1 Bb7 23. Nc7 Ne3 $132) 20... Qd2 21. Rd1) (19... Ne3 20. Qxf4 Qd2 21. Qg3 $16) 20. Nc7 Nxc7 21. Qxc7 Qxc7 $2 (21... Qd2 $132) 22. Rxc7 Bd5 23. Rc5 Be6 (23... Bc6 24. Rf5 a6 25. Rxf4 $14) 24. Rc7 Bd5 25. Rc5 Be6 26. Ra5 a6 27. Rb1 Rc8 28. h4 Rc7 29. Rb4 Bc4 30. Raa4 Be6 (30... Bb5 31. Rxb5 $1) 31. Rb6 $1 (31. Rxf4 h6 32. Rfb4 Bd5 $10) 31... h6 (31... Bd5 $4 32. Rd6) 32. a3 g5 $6 (32... Bd5 { c6}) 33. Rab4 (33. hxg5 hxg5 34. Ra5 g4 35. fxg4 $16) 33... a5 (33... Bd5 34. Rxh6 $18) (33... gxh4 $1 34. Rxf4 h3 35. gxh3 Bxh3 $14) 34. Ra4 gxh4 35. Rxf4 $6 (35. Rxa5 h3 36. gxh3 Bxh3 37. Rxh6 $16) 35... h3 36. gxh3 (36. g4 $2 Rc3 $1 37. a4 Bd5 38. Rbf6 Kg7 39. Kh2 Be6 $13) 36... Bxh3 37. Ra4 Rc3 (37... Bd7 38. Rxa5 Rc1+ 39. Kg2 Bc6 $132) 38. Rxb7 Rxf3 39. Rxa5 Be6 $4 (39... Rf1+ 40. Kh2 Be6 { a1=}) 40. Rb1 $1 $18 h5 41. Rg5+ Kf8 42. Ra1 h4 43. a4 f6 44. Rg2 Bd5 45. Rd2 Be4 46. a5 (46. Kh2 $18) 46... Rh3 47. Ra4 $1 Bc6 (47... Rh1+ 48. Kf2 Rh2+ 49. Ke3 Rxd2 50. Kxd2 f5 51. Rxe4 $1 fxe4 52. a6 $18) 48. Rc4 Rh1+ 49. Kf2 Bb5 50. Rc7 Ke8 51. Rd5 Rb1 52. Rh5 $1 Kd8 53. Ra7 1-0